[Event "Wch Seniors 65 31st"]
[Site "Terassini"]
[Date "2023.11.02"]
[Round "8"]
[White "Renman, Nils Gustaf"]
[Black "Moen, Ole Christian"]
[Result "1-0"]
[WhiteElo "2324"]
[BlackElo "2157"]
[PlyCount "75"]
[EventDate "2023.10.25"]
[EventType "swiss"]
[EventRounds "11"]
[EventCountry "ITA"]
[SourceTitle "Mega2024 Update 01"]
[Source "Chessbase"]
[SourceDate "2023.11.12"]
[SourceVersion "1"]
[SourceVersionDate "2023.11.12"]
[SourceQuality "1"]

1. d4 Nf6 2. c4 g6 3. Nc3 Bg7 4. e4 d6 5. Nf3 0-0 6. Be2 e5 7. 0-0 Nc6 8. d5 Ne7 9. Ne1 Ne8 10. Nd3 f5 11. f3 f4 12. a4 g5 13. b4 Ng6 14. c5 h5 15. a5 Rf7 16. c6 bxc6 17. dxc6 Be6 18. Nf2 Nf6 19. Ra3 a6 20. Kh1 Qe8 21. b5 axb5 22. Bxb5 g4 23. g3 Bh6 24. fxg4 hxg4 25. Nd5 Rb8 26. Bc4 Qxc6 27. Nxf6+ Rxf6 28. Bd5 Bxd5 29. exd5 Qc4 30. Nxg4 Bg5 31. Nxf6+ Bxf6 32. gxf4 Nh4 33. Rg3+ Bg7 34. fxe5 Qe4+ 35. Kg1 Nf5 36. Rg4 Qxe5 37. Qd3 Nd4 38. Bh6 1-0

[Event "Wch Seniors 65 31st"]
[Site "Terassini"]
[Date "2023.10.30"]
[Round "6"]
[White "Giacomini, Hector"]
[Black "Renman, Nils Gustaf"]
[Result "1/2-1/2"]
[WhiteElo "2127"]
[BlackElo "2324"]
[PlyCount "77"]
[EventDate "2023.10.25"]
[EventType "swiss"]
[EventRounds "11"]
[EventCountry "ITA"]
[SourceTitle "Mega2024 Update 01"]
[Source "Chessbase"]
[SourceDate "2023.11.12"]
[SourceVersion "1"]
[SourceVersionDate "2023.11.12"]
[SourceQuality "1"]

1. Nf3 d5 2. e3 Nf6 3. d4 e6 4. Bd3 c5 5. c3 Nc6 6. Nbd2 Qc7 7. 0-0 h6 8. Re1 Bd7 9. e4 cxd4 10. Nxd4 Nxd4 11. cxd4 dxe4 12. Nxe4 Bc6 13. Nxf6+ gxf6 14. Be4 Bxe4 15. Rxe4 f5 16. Bf4 Bd6 17. Rc1 Qd7 18. Be5 fxe4 19. Bxh8 Ke7 20. Bg7 Bf4 21. Rc3 Rg8 22. Qg4 Qxd4 23. Bxd4 Rxg4 24. Bxa7 Rg5 25. Be3 Rd5 26. g3 Bxe3 27. Rxe3 f5 28. Kf1 Rb5 29. Re2 Kd6 30. Rc2 e5 31. Ke2 Kd5 32. Ke3 Rb4 33. f3 exf3 34. Kxf3 h5 35. b3 h4 36. Rc7 hxg3 37. hxg3 Kd6 38. Rf7 Ke6 39. Rxb7 1/2-1/2

[Event "Wch Seniors 65 31st"]
[Site "Terassini"]
[Date "2023.10.28"]
[Round "4"]
[White "Renman, Nils Gustaf"]
[Black "Bergstrom, Rolf"]
[Result "0-1"]
[WhiteElo "2324"]
[BlackElo "2152"]
[PlyCount "66"]
[EventDate "2023.10.25"]
[EventType "swiss"]
[EventRounds "11"]
[EventCountry "ITA"]
[SourceTitle "Mega2024 Update 01"]
[Source "Chessbase"]
[SourceDate "2023.11.12"]
[SourceVersion "1"]
[SourceVersionDate "2023.11.12"]
[SourceQuality "1"]

1. d4 Nf6 2. c4 b6 3. Nc3 Bb7 4. Qc2 d5 5. cxd5 Nxd5 6. e4 Nxc3 7. bxc3 e5 8. dxe5 Nd7 9. Nf3 Qe7 10. Bf4 0-0-0 11. Bc4 h6 12. h4 g6 13. 0-0-0 Bg7 14. Rhe1 Nxe5 15. Rxd8+ Rxd8 16. Nxe5 Bxe5 17. Bxe5 Qxe5 18. g3 f6 19. f4 Qc5 20. Bf7 Ba6 21. Kb2 Rd3 22. Rd1 Rxg3 23. Qb3 Bb5 24. Qe6+ Kb7 25. Qd5+ Qxd5 26. Bxd5+ Bc6 27. Bxc6+ Kxc6 28. e5 fxe5 29. fxe5 g5 30. e6 Re3 31. hxg5 hxg5 32. Rg1 Re5 33. Rh1 Kd5 0-1

[Event "Wch Seniors 65 31st"]
[Site "Terassini"]
[Date "2023.10.27"]
[Round "3"]
[White "Renman, Nils Gustaf"]
[Black "Furman, Boris"]
[Result "1/2-1/2"]
[WhiteElo "2324"]
[BlackElo "2134"]
[PlyCount "98"]
[EventDate "2023.10.25"]
[EventType "swiss"]
[EventRounds "11"]
[EventCountry "ITA"]
[SourceTitle "Mega2024 Update 01"]
[Source "Chessbase"]
[SourceDate "2023.11.12"]
[SourceVersion "1"]
[SourceVersionDate "2023.11.12"]
[SourceQuality "1"]

1. d4 Nf6 2. c4 e6 3. Nf3 d5 4. Nc3 Bb4 5. Qa4+ Nc6 6. a3 Bxc3+ 7. bxc3 Ne4 8. e3 0-0 9. Bd3 Nd6 10. c5 Ne4 11. c4 Bd7 12. Qc2 f5 13. cxd5 exd5 14. 0-0 Rf6 15. g3 Be8 16. Bb2 Bh5 17. Ne1 Qd7 18. f3 Ng5 19. Be2 Re8 20. Ng2 Nh3+ 21. Kh1 g5 22. Rae1 f4 23. exf4 gxf4 24. g4 Bg6 25. Bd3 Rxe1 26. Nxe1 Re6 27. Bf5 Bxf5 28. Qxf5 Nf2+ 29. Kg1 Nh3+ 30. Kg2 Re2+ 31. Kxh3 Qxf5 32. gxf5 Rxb2 33. Nd3 Rd2 34. Nxf4 Rxd4 35. Ne6 Rc4 36. Rg1+ Kf7 37. Rg7+ Kf6 38. Rxc7 Kxf5 39. Ng7+ Kg6 40. Rxb7 Rxc5 41. Ne6 Rc3 42. Kg3 Rxa3 43. Nf4+ Kh6 44. Nxd5 Ne5 45. Kf4 Nxf3 46. Nf6 Kg6 47. Nxh7 Nxh2 48. Nf8+ Kf6 49. Ke4 Ra5 1/2-1/2

[Event "SWE-chT 2324 Elite"]
[Site "Sweden"]
[Date "2023.10.14"]
[Round "2.2"]
[White "Lindborg, Patrik"]
[Black "Renman, Nils Gustaf"]
[Result "0-1"]
[WhiteElo "2176"]
[BlackElo "2324"]
[PlyCount "132"]
[EventDate "2023.10.13"]
[EventType "team-tourn"]
[EventRounds "9"]
[EventCountry "SWE"]
[SourceTitle "Mega2024 Update 01"]
[Source "Chessbase"]
[SourceDate "2023.11.12"]
[SourceVersion "1"]
[SourceVersionDate "2023.11.12"]
[SourceQuality "1"]
[WhiteTeam "Vaxjo"]
[BlackTeam "Stockholm CC"]
[WhiteTeamCountry "SWE"]
[BlackTeamCountry "SWE"]

1. d4 d5 2. c4 c6 3. Nf3 Nf6 4. Nc3 e6 5. e3 Nbd7 6. Qc2 Bd6 7. Bd3 dxc4 8. Bxc4 b5 9. Bd3 Bb7 10. 0-0 a6 11. a3 c5 12. Ne4 Nxe4 13. Bxe4 Bxe4 14. Qxe4 0-0 15. Rd1 Qc7 16. Bd2 e5 17. dxe5 Nxe5 18. Bc3 Nxf3+ 19. gxf3 Bxh2+ 20. Kg2 Rae8 21. Qf5 Be5 22. Rd7 Qb8 23. Rh1 h6 24. Rhd1 Bxc3 25. bxc3 Re5 26. Qd3 Rg5+ 27. Kf1 Qh2 28. Ke2 Rg2 29. Rf1 Qh4 30. e4 Rg6 31. Qd5 Re6 32. Rg1 g6 33. Qxc5 Qf6 34. Qd4 Rc8 35. Qxf6 Rxf6 36. Rd3 Rfc6 37. Kd2 Rc4 38. Rb1 h5 39. Rb4 Kg7 40. f4 R8c6 41. Kc2 Kf6 42. Re3 Ke6 43. Rb1 Ra4 44. Kb3 Rd6 45. Rh1 Rd2 46. f5+ Ke5 47. fxg6 fxg6 48. Rg3 Rd6 49. Rhg1 Kxe4 50. Rxg6 Rxg6 51. Rxg6 Kf5 52. Rg8 h4 53. Rh8 Kg4 54. Rf8 Rf4 55. Rg8+ Kf3 56. Rg6 Kxf2 57. Rxa6 h3 58. Rh6 Kg3 59. Rg6+ Rg4 60. Rxg4+ Kxg4 61. Kb4 h2 62. Kxb5 h1Q 63. c4 Qb7+ 64. Ka5 Kf5 65. c5 Ke5 66. a4 Qc6 0-1

[Event "EU-chT Seniors 65"]
[Site "Swidnica"]
[Date "2023.07.16"]
[Round "5.5"]
[White "Glienke, Manfred"]
[Black "Renman, Nils Gustaf"]
[Result "1-0"]
[WhiteElo "2194"]
[BlackElo "2330"]
[PlyCount "57"]
[EventDate "2023.07.12"]
[EventType "team-swiss"]
[EventRounds "9"]
[EventCountry "POL"]
[SourceTitle "CBM 215 Extra"]
[Source "ChessBase"]
[SourceDate "2023.09.30"]
[SourceVersion "1"]
[SourceVersionDate "2023.09.30"]
[SourceQuality "1"]
[WhiteTeam "Kreuzberg 65   "]
[BlackTeam "Sweden 65"]
[WhiteTeamCountry "GER"]
[BlackTeamCountry "SWE"]

1. d4 g6 2. e4 Bg7 3. Nf3 d6 4. Bc4 Nf6 5. Qe2 0-0 6. 0-0 c6 7. Bb3 Bg4 8. h3 Bxf3 9. Qxf3 e5 10. dxe5 dxe5 11. Rd1 Qe7 12. Be3 Nbd7 13. c3 Nc5 14. Bc2 a5 15. a4 Nfd7 16. Nd2 b5 17. axb5 cxb5 18. Nb3 Na4 19. Ra2 Rfb8 20. Qe2 Qe6 21. Rd5 Nab6 22. Rxb5 Nc4 23. Rxb8+ Rxb8 24. Bc1 Rb5 25. Ra1 Qc6 26. Bd3 Ndb6 27. Nd2 Rc5 28. Nxc4 Nxc4 29. b4 1-0

[Event "EU-chT Seniors 65"]
[Site "Swidnica"]
[Date "2023.07.13"]
[Round "2.4"]
[White "Hardicsay, Peter"]
[Black "Renman, Nils Gustaf"]
[Result "1/2-1/2"]
[WhiteElo "2180"]
[BlackElo "2330"]
[PlyCount "55"]
[EventDate "2023.07.12"]
[EventType "team-swiss"]
[EventRounds "9"]
[EventCountry "POL"]
[SourceTitle "CBM 215 Extra"]
[Source "ChessBase"]
[SourceDate "2023.09.30"]
[SourceVersion "1"]
[SourceVersionDate "2023.09.30"]
[SourceQuality "1"]
[WhiteTeam "Hungary 65"]
[BlackTeam "Sweden 65"]
[WhiteTeamCountry "HUN"]
[BlackTeamCountry "SWE"]

1. Nf3 d5 2. c4 e6 3. g3 Nf6 4. Bg2 a6 5. b3 d4 6. 0-0 c5 7. e3 Nc6 8. exd4 cxd4 9. d3 Bc5 10. a3 a5 11. Re1 0-0 12. Ne5 Nxe5 13. Rxe5 Qc7 14. Re1 e5 15. Nd2 Bg4 16. Qc2 Rab8 17. Rb1 b6 18. b4 axb4 19. axb4 Bd6 20. Qb3 Bd7 21. b5 Bc8 22. Ra1 Nd7 23. Ne4 Bc5 24. f4 Bb7 25. fxe5 Bxe4 26. Bxe4 Nxe5 27. Bf4 Bd6 28. Bxe5 1/2-1/2

[Event "Wch Seniors 65 30th"]
[Site "Assisi"]
[Date "2022.11.20"]
[Round "6"]
[White "Renman, Nils Gustaf"]
[Black "Smolin, Sergey"]
[Result "1-0"]
[WhiteElo "2320"]
[BlackElo "2106"]
[PlyCount "125"]
[EventDate "2022.11.15"]
[EventType "swiss"]
[EventRounds "11"]
[EventCountry "ITA"]
[SourceTitle "CBM 211 Extra"]
[Source "ChessBase"]
[SourceDate "2023.01.31"]
[SourceVersion "1"]
[SourceVersionDate "2023.01.31"]
[SourceQuality "1"]

1. d4 Nf6 2. Nf3 g6 3. c4 c5 4. d5 b5 5. cxb5 a6 6. bxa6 Bxa6 7. Nc3 d6 8. e4 Bxf1 9. Kxf1 Nbd7 10. g3 Bg7 11. Kg2 0-0 12. Qe2 Qa5 13. Bd2 Rfb8 14. Rhb1 Qa6 15. Qxa6 Rxa6 16. a4 Ng4 17. Ne1 c4 18. f3 Nge5 19. Be3 Rb3 20. Nc2 Nd3 21. Nd4 Rb7 22. Ra3 N7c5 23. a5 Nb3 24. Nxb3 Rxb3 25. Rxb3 cxb3 26. Bb6 Nxb2 27. Nb5 Nc4 28. Nc7 Rxa5 29. Bxa5 Nxa5 30. Nb5 b2 31. Kf2 f5 32. exf5 gxf5 33. Ke3 Kf7 34. Kd3 Nb3 35. Nc3 Nc5+ 36. Kc2 e6 37. dxe6+ Kxe6 38. Re1+ Kd7 39. Nd1 Bd4 40. Re2 Na4 41. Rd2 Bf6 42. Rd5 Ke6 43. Rb5 h5 44. Rb4 Nc5 45. Nxb2 f4 46. Nd3 fxg3 47. Nf4+ Kf5 48. hxg3 h4 49. g4+ Ke5 50. Nh3 Ne6 51. f4+ Kd5 52. g5 Bd8 53. Kd3 Nc5+ 54. Ke3 Ke6 55. Rb8 Be7 56. Kf3 d5 57. Kg4 d4 58. f5+ Kf7 59. f6 Bd6 60. Rb6 Ne4 61. Nf4 h3 62. Rb7+ Ke8 63. Ne6 1-0

[Event "EU-chT Seniors 65"]
[Site "Dresden"]
[Date "2022.10.30"]
[Round "4.1"]
[White "Renman, Nils Gustaf"]
[Black "Pruefer, Friedbert"]
[Result "1-0"]
[WhiteElo "2329"]
[BlackElo "2277"]
[PlyCount "97"]
[EventDate "2022.10.27"]
[EventType "team-swiss"]
[EventRounds "9"]
[EventCountry "GER"]
[SourceTitle "EXT 2024"]
[Source "ChessBase"]
[SourceDate "2023.10.10"]
[SourceVersion "1"]
[SourceVersionDate "2023.10.10"]
[SourceQuality "1"]
[WhiteTeam "Sweden 65"]
[BlackTeam "Leipzig Schachfreunde 65"]
[WhiteTeamCountry "SWE"]
[BlackTeamCountry "GER"]

1. Nf3 Nf6 2. c4 g6 3. Nc3 d5 4. cxd5 Nxd5 5. Qa4+ Nc6 6. Ne5 Qd6 7. Nxc6 Qxc6 8. Qxc6+ bxc6 9. b3 Bg7 10. Bb2 Nxc3 11. Bxc3 Bxc3 12. dxc3 Be6 13. 0-0-0 a5 14. e3 0-0 15. Be2 a4 16. Kb2 Rfb8 17. c4 Ra6 18. Kc3 axb3 19. axb3 Ra2 20. Bf3 Rxf2 21. Rhf1 Ra2 22. Ra1 Rba8 23. Rxa2 Rxa2 24. Bxc6 Re2 25. Kd4 Rb2 26. Kc3 Re2 27. Ra1 Rxe3+ 28. Kb4 Bf5 29. Ra7 Bc2 30. Ba4 c6 31. Rc7 e5 32. Rxc6 Bf5 33. Rd6 Re1 34. c5 e4 35. Bb5 e3 36. c6 Rc1 37. Rd5 Be4 38. Rc5 Rxc5 39. Kxc5 Bxg2 40. Bc4 Kf8 41. b4 Ke7 42. b5 Kd8 43. Kd6 Kc8 44. Bxf7 Bxc6 45. bxc6 e2 46. Be6+ Kb8 47. c7+ Ka7 48. c8Q e1Q 49. Qc7+ 1-0

[Event "EU-ch Seniors 65 21st"]
[Site "Lublin"]
[Date "2022.07.09"]
[Round "5"]
[White "Renman, Nils Gustaf"]
[Black "Lederman, Leon S"]
[Result "1/2-1/2"]
[WhiteElo "2311"]
[BlackElo "2209"]
[PlyCount "26"]
[EventDate "2022.07.05"]
[EventType "swiss"]
[EventRounds "9"]
[EventCountry "POL"]
[SourceTitle "CBM 209 Extra"]
[Source "ChessBase"]
[SourceDate "2022.09.30"]
[SourceVersion "1"]
[SourceVersionDate "2022.09.30"]
[SourceQuality "1"]

1. d4 d5 2. c4 dxc4 3. Nf3 a6 4. e3 Bg4 5. Bxc4 e6 6. h3 Bxf3 7. Qxf3 Nc6 8. 0-0 Nf6 9. Rd1 Bd6 10. Nc3 0-0 11. a3 Qe7 12. e4 e5 13. dxe5 Nxe5 1/2-1/2

[Event "SWE-chT 2122 Elite"]
[Site "Sweden"]
[Date "2022.05.15"]
[Round "9.4"]
[White "Dragicevic, Drazen"]
[Black "Renman, Nils Gustaf"]
[Result "1/2-1/2"]
[WhiteElo "2365"]
[BlackElo "2301"]
[PlyCount "85"]
[EventDate "2021.12.03"]
[EventType "team-tourn"]
[EventRounds "9"]
[EventCountry "SWE"]
[SourceTitle "EXT 2023"]
[Source "ChessBase"]
[SourceDate "2022.10.05"]
[SourceVersion "1"]
[SourceVersionDate "2022.10.05"]
[SourceQuality "1"]
[WhiteTeam "Lunds"]
[BlackTeam "Stockholm CC"]
[WhiteTeamCountry "SWE"]
[BlackTeamCountry "SWE"]

1. c4 e6 2. g3 d5 3. Bg2 Nf6 4. Nf3 Be7 5. 0-0 0-0 6. Qc2 c5 7. d4 cxd4 8. Nxd4 Nc6 9. Nxc6 bxc6 10. Rd1 Qb6 11. Nc3 Ng4 12. e3 Ba6 13. b3 dxc4 14. Na4 Qc7 15. bxc4 Ne5 16. c5 Rfd8 17. Bb2 Nd3 18. Bc3 Bb5 19. Be4 Bxa4 20. Qxa4 Nxc5 21. Qxc6 Qxc6 22. Bxc6 Rac8 23. Bf3 f6 24. Ba5 Rxd1+ 25. Rxd1 Kf7 26. h4 Rb8 27. Kf1 f5 28. Rd2 Rb5 29. Bc7 Na6 30. Bd8 Nc5 31. Bxe7 Kxe7 32. Be2 Rb1+ 33. Kg2 g6 34. Rc2 Kd6 35. g4 Rb4 36. Rd2+ Ke7 37. Rc2 Kd6 38. gxf5 gxf5 39. Rd2+ Ke7 40. Rc2 Kd6 41. h5 h6 42. Rd2+ Ke7 43. Rc2 1/2-1/2

[Event "SWE-chT 2122 Elite"]
[Site "Sweden"]
[Date "2022.05.14"]
[Round "8.5"]
[White "Renman, Nils Gustaf"]
[Black "Lindborg, Patrik"]
[Result "1/2-1/2"]
[WhiteElo "2301"]
[BlackElo "2137"]
[PlyCount "120"]
[EventDate "2021.12.03"]
[EventType "team-tourn"]
[EventRounds "9"]
[EventCountry "SWE"]
[SourceTitle "EXT 2023"]
[Source "ChessBase"]
[SourceDate "2022.10.05"]
[SourceVersion "1"]
[SourceVersionDate "2022.10.05"]
[SourceQuality "1"]
[WhiteTeam "Stockholm CC"]
[BlackTeam "Vaxjo"]
[WhiteTeamCountry "SWE"]
[BlackTeamCountry "SWE"]

1. d4 Nf6 2. c4 g6 3. Nc3 Bg7 4. e4 d6 5. Nf3 0-0 6. Be3 e5 7. dxe5 dxe5 8. Qxd8 Rxd8 9. Nd5 Rd7 10. Nxf6+ Bxf6 11. c5 Kg7 12. g4 Kg8 13. g5 Bg7 14. Bh3 Rd8 15. Bxc8 Rxc8 16. 0-0-0 Nc6 17. Rd7 Nd8 18. Nd2 Ne6 19. Nc4 Rd8 20. Rxd8+ Rxd8 21. Na5 Rb8 22. Rd1 Kf8 23. Rd3 Ke8 24. b4 a6 25. Rd5 Nd8 26. a3 Ke7 27. Kc2 Ke6 28. Kb3 Nc6 29. Nxc6 bxc6 30. Rd3 a5 31. Bd2 Bf8 32. Kc4 axb4 33. Bxb4 h6 34. gxh6 Bxh6 35. a4 Bf4 36. Rh3 Kd7 37. a5 Rf8 38. Rh7 Kc8 39. a6 Kb8 40. Ba5 Bg5 41. Bc3 Bf4 42. h4 Ka7 43. Ba5 Rd8 44. Rxf7 Rd4+ 45. Kb3 Kxa6 46. Bc3 Rxe4 47. Rxc7 Kb5 48. Rb7+ Kxc5 49. Bb4+ Kd5 50. Rd7+ Ke6 51. Rd6+ Kf5 52. Rxc6 Re2 53. Be7 Rxf2 54. Rf6+ Ke4 55. Rxg6 Kf3 56. Bg5 Rh2 57. Kc4 Bg3 58. Kd5 e4 59. Rf6+ Kg4 60. Kxe4 Bxh4 1/2-1/2

[Event "SWE-chT 2122 Elite"]
[Site "Sweden"]
[Date "2022.05.13"]
[Round "7.2"]
[White "Grandell, Anders"]
[Black "Renman, Nils Gustaf"]
[Result "1/2-1/2"]
[WhiteElo "2275"]
[BlackElo "2301"]
[PlyCount "75"]
[EventDate "2021.12.03"]
[EventType "team-tourn"]
[EventRounds "9"]
[EventCountry "SWE"]
[SourceTitle "EXT 2023"]
[Source "ChessBase"]
[SourceDate "2022.10.05"]
[SourceVersion "1"]
[SourceVersionDate "2022.10.05"]
[SourceQuality "1"]
[WhiteTeam "Wasa"]
[BlackTeam "Stockholm CC"]
[WhiteTeamCountry "SWE"]
[BlackTeamCountry "SWE"]

1. d4 d5 2. c4 c6 3. Nc3 Nf6 4. Nf3 e6 5. Bg5 h6 6. Bh4 dxc4 7. e4 g5 8. Bg3 b5 9. Be2 Nbd7 10. 0-0 Bb7 11. h4 b4 12. Na4 Nxe4 13. Bxc4 Nxg3 14. fxg3 Qc7 15. Qe2 0-0-0 16. Rac1 Kb8 17. Ba6 Bd6 18. Nd2 Nb6 19. Bxb7 Qxb7 20. Nc5 Bxc5 21. dxc5 Nd5 22. Nc4 f6 23. Nd6 Rxd6 24. cxd6 Qd7 25. Qc4 Kb7 26. Qc5 Rd8 27. Rcd1 f5 28. a3 Qxd6 29. axb4 Qxg3 30. b5 Rc8 31. bxc6+ Rxc6 32. Qb5+ Rb6 33. Qd7+ Qc7 34. Rxd5 exd5 35. Qxd5+ Qc6 36. Qxc6+ Kxc6 37. hxg5 hxg5 38. Rxf5 1/2-1/2

[Event "EU-ch Seniors 65"]
[Site "Budoni"]
[Date "2021.10.04"]
[Round "9"]
[White "Renman, Nils Gustaf"]
[Black "Birnboim, Nathan"]
[Result "1/2-1/2"]
[WhiteElo "2311"]
[BlackElo "2375"]
[PlyCount "56"]
[EventDate "2021.09.26"]
[EventType "swiss"]
[EventRounds "9"]
[EventCountry "ITA"]
[SourceTitle "EXT 2023"]
[Source "ChessBase"]
[SourceDate "2022.10.05"]
[SourceVersion "1"]
[SourceVersionDate "2022.10.05"]
[SourceQuality "1"]

1. d4 Nf6 2. c4 g6 3. Nc3 d5 4. cxd5 Nxd5 5. e4 Nxc3 6. bxc3 Bg7 7. Bc4 0-0 8. Ne2 c5 9. Be3 Nc6 10. h4 cxd4 11. cxd4 Na5 12. Bd3 Nc6 13. Bc4 Na5 14. Bb3 Nxb3 15. axb3 e5 16. h5 exd4 17. Bxd4 Bxd4 18. Qxd4 Qxd4 19. Nxd4 Rd8 20. 0-0-0 a5 21. Kb2 a4 22. Nb5 Be6 23. bxa4 Rxd1 24. Rxd1 Rxa4 25. Nc3 Rb4+ 26. Kc1 Kg7 27. hxg6 hxg6 28. Rd6 g5 1/2-1/2

[Event "EUR-chT Seniors 65"]
[Site "Prague"]
[Date "2021.08.31"]
[Round "2.1"]
[White "Knaak, Rainer"]
[Black "Renman, Nils Gustaf"]
[Result "1-0"]
[WhiteElo "2476"]
[BlackElo "2311"]
[PlyCount "68"]
[EventDate "2021.08.30"]
[EventType "team-swiss"]
[EventRounds "9"]
[EventCountry "CZE"]
[SourceTitle "CBM 204 Extra"]
[Source "ChessBase"]
[SourceDate "2021.11.30"]
[SourceVersion "1"]
[SourceVersionDate "2021.11.30"]
[SourceQuality "1"]
[WhiteTeam "Lasker Schachstiftung 65"]
[BlackTeam "Sweden 65"]
[WhiteTeamCountry "GER"]
[BlackTeamCountry "SWE"]

1. d4 d5 2. c4 c6 3. Nf3 Nf6 4. Nc3 e6 5. Bg5 dxc4 6. e4 b5 7. a4 Bb4 8. e5 h6 9. exf6 hxg5 10. fxg7 Rg8 11. g3 Nd7 12. Bg2 Bb7 13. 0-0 a6 14. axb5 axb5 15. Rxa8 Bxa8 16. Qa1 Rxg7 17. Qa7 Qc8 18. Ra1 Bb7 19. Ne1 Bxc3 20. bxc3 f6 21. Nc2 Re7 22. Ne3 Qc7 23. Qa2 c5 24. Bxb7 Qxb7 25. Rb1 Qc6 26. Qa5 cxd4 27. cxd4 c3 28. Rc1 Nb6 29. Rxc3 Nc4 30. Qa2 Rc7 31. Qc2 f5 32. d5 exd5 33. Nxf5 Qf6 34. g4 d4 1-0

[Event "WchT Seniors 65"]
[Site "Prague"]
[Date "2020.03.08"]
[Round "3.8"]
[White "Renman, Nils Gustaf"]
[Black "Jurek, Josef"]
[Result "1-0"]
[WhiteElo "2307"]
[BlackElo "2254"]
[PlyCount "85"]
[EventDate "2020.03.06"]
[EventType "team-swiss"]
[EventRounds "7"]
[EventCountry "CZE"]
[SourceTitle "CBM 195 Extra"]
[Source "ChessBase"]
[SourceDate "2020.05.31"]
[SourceVersion "1"]
[SourceVersionDate "2020.05.31"]
[SourceQuality "1"]
[WhiteTeam "Sweden 65"]
[BlackTeam "Czech Republic 65 II"]
[WhiteTeamCountry "SWE"]
[BlackTeamCountry "CZE"]

1. d4 Nf6 2. c4 e6 3. Nf3 b6 4. g3 Ba6 5. Qc2 Bb7 6. Bg2 c5 7. d5 exd5 8. cxd5 Nxd5 9. 0-0 Be7 10. Rd1 Nc6 11. Qf5 Nf6 12. e4 g6 13. Qf4 0-0 14. e5 Nh5 15. Qg4 Qb8 16. Nc3 Re8 17. Nd5 Bf8 18. Bf4 Bg7 19. Nf6+ Bxf6 20. exf6 Nxf4 21. gxf4 Re6 22. Qh4 Nd4 23. Nxd4 cxd4 24. f5 Rd6 25. fxg6 hxg6 26. Qh6 Rxf6 27. Rxd4 Rf5 28. Rh4 Rh5 29. Rxh5 gxh5 30. Qg5+ Kf8 31. Qxh5 Bxg2 32. Re1 Kg7 33. Qg5+ Kh7 34. Re3 Qd6 35. Qh5+ Kg7 36. Rg3+ Qxg3 37. fxg3 Bc6 38. Qg5+ Kf8 39. h4 Re8 40. h5 Be4 41. h6 Bg6 42. Qf6 Re6 43. Qd8+ 1-0

[Event "Krakow op-A 30th"]
[Site "Krakow"]
[Date "2020.01.03"]
[Round "8"]
[White "Klepek, Witold"]
[Black "Renman, Nils Gustaf"]
[Result "0-1"]
[WhiteElo "2201"]
[BlackElo "2319"]
[PlyCount "78"]
[EventDate "2019.12.27"]
[EventType "swiss"]
[EventRounds "9"]
[EventCountry "POL"]
[SourceTitle "CBM 195 Extra"]
[Source "ChessBase"]
[SourceDate "2020.05.31"]
[SourceVersion "1"]
[SourceVersionDate "2020.05.31"]
[SourceQuality "1"]

1. e4 e6 2. d4 d5 3. Nd2 c5 4. exd5 exd5 5. Bb5+ Nc6 6. Ngf3 Qe7+ 7. Be2 Qc7 8. 0-0 Nf6 9. Re1 cxd4 10. Nb3 Bb4 11. Bd2 Bxd2 12. Qxd2 0-0 13. Nfxd4 Bd7 14. Nxc6 bxc6 15. Bf3 Bg4 16. Nd4 Bxf3 17. Nxf3 c5 18. c3 a5 19. Re5 Rfe8 20. Rae1 Rxe5 21. Rxe5 h6 22. Qf4 Rd8 23. g4 Qd7 24. g5 hxg5 25. Rxg5 Ne4 26. Rh5 g6 27. Rh4 f6 28. c4 g5 29. Qg4 f5 30. Qg2 Qg7 31. Rh5 dxc4 32. Qf1 Rd3 33. Ne1 Qd4 34. Nxd3 cxd3 35. Rh3 c4 36. Re3 g4 37. Qd1 Qxb2 38. Rxe4 fxe4 39. Kh1 Kf8 0-1

[Event "Krakow op-A 30th"]
[Site "Krakow"]
[Date "2019.12.29"]
[Round "4"]
[White "Damen, Jip"]
[Black "Renman, Nils Gustaf"]
[Result "1/2-1/2"]
[WhiteElo "2199"]
[BlackElo "2319"]
[PlyCount "86"]
[EventDate "2019.12.27"]
[EventType "swiss"]
[EventRounds "9"]
[EventCountry "POL"]
[SourceTitle "CBM 194 Extra"]
[Source "ChessBase"]
[SourceDate "2020.03.31"]
[SourceVersion "1"]
[SourceVersionDate "2020.03.31"]
[SourceQuality "1"]

1. e4 e6 2. d4 d5 3. Nc3 Nf6 4. e5 Nfd7 5. f4 c5 6. Nf3 Nc6 7. Be3 a6 8. Qd2 b5 9. a3 Qa5 10. dxc5 Bxc5 11. Bxc5 Nxc5 12. Nd4 Nxd4 13. Qxd4 Ne4 14. b4 Qc7 15. Nxe4 dxe4 16. c4 bxc4 17. Rc1 Bb7 18. Bxc4 0-0 19. 0-0 Rfd8 20. Qe3 Qd7 21. Bb3 Qd3 22. Rc3 Qxe3+ 23. Rxe3 Rac8 24. f5 Bd5 25. fxe6 fxe6 26. Rd1 Kf7 27. Rf1+ Ke7 28. Rd1 Rf8 29. h3 Bxb3 30. Rxb3 Rf5 31. b5 Rb8 32. Rg3 g6 33. bxa6 Rxe5 34. Rc3 Rb6 35. Rc7+ Kf6 36. a7 Ra5 37. Rxh7 Rba6 38. Re1 Rxa7 39. Rh4 Re5 40. Rf4+ Ke7 41. Rfxe4 Rxe4 42. Rxe4 Rxa3 43. Kf2 Kf6 1/2-1/2

[Event "Wch Seniors 65 29th"]
[Site "Bucharest"]
[Date "2019.11.22"]
[Round "10"]
[White "Blomstrom, Lars"]
[Black "Renman, Nils Gustaf"]
[Result "0-1"]
[WhiteElo "2132"]
[BlackElo "2331"]
[PlyCount "106"]
[EventDate "2019.11.12"]
[EventType "swiss"]
[EventRounds "11"]
[EventCountry "ROU"]
[SourceTitle "CBM 193 Extra"]
[Source "ChessBase"]
[SourceDate "2020.01.31"]
[SourceVersion "1"]
[SourceVersionDate "2020.01.31"]
[SourceQuality "1"]

1. e4 e6 2. d4 d5 3. Nc3 Nf6 4. e5 Nfd7 5. f4 c5 6. Nf3 Nc6 7. Be3 a6 8. Qd2 b5 9. dxc5 Bxc5 10. Bd3 Qb6 11. Bf2 f6 12. exf6 Nxf6 13. 0-0 0-0 14. a3 Bxf2+ 15. Qxf2 Qxf2+ 16. Rxf2 Ng4 17. Re2 Rxf4 18. h3 Nf6 19. Ne5 Nxe5 20. Rxe5 Rh4 21. Rd1 Bd7 22. Bf1 Rh5 23. Ree1 Rg5 24. Kh2 h5 25. g3 Rc8 26. Rd2 Kf8 27. Bg2 Rc4 28. Bf1 Rc5 29. Bg2 Ke7 30. Nd1 Kd6 31. c3 Re5 32. Rxe5 Kxe5 33. Nf2 Rc8 34. Kg1 Kd6 35. Nd3 Be8 36. h4 Bg6 37. Nf4 Be4 38. Nxh5 Nxh5 39. Bxe4 Nxg3 40. Bd3 Nh5 41. Rf2 Nf6 42. Kg2 Rh8 43. Kg3 e5 44. Rc2 e4 45. Bf1 Ke5 46. Rc1 Rh6 47. a4 Rg6+ 48. Kf2 Ng4+ 49. Ke2 Rh6 50. axb5 axb5 51. Bh3 Rxh4 52. Bxg4 Rxg4 53. Kf2 Kf4 0-1